| 000 | 01369nam a22003497a 4500 | ||
|---|---|---|---|
| 999 |
_c65750 _d65750 |
||
| 005 | 20240530110841.0 | ||
| 008 | 200909s2019 ua f 000 0 ara d | ||
| 017 |
_a2019/11943 _bمصر. دار الكتب |
||
| 020 | _a9789779123929 | ||
| 040 |
_aEG-CaGPL _cEG-CaGPL |
||
| 082 | 0 | 4 |
_221 _a726.1 _bق/أ ق |
| 100 | 0 | _aاحمد مصطفى عثمان | |
| 245 | 1 | 0 |
_aقدس الاقداس وحجرة المركب المقدس فى معابد الاسرة الثامنة عشرة : _bدراسة مقارنة / _cاحمد مصطفى عثمان |
| 250 | _aط.1 | ||
| 260 |
_aالقاهرة : _bالهيئة المصرية العامة للكتاب، _c2019. |
||
| 300 |
_a582 ص. ؛ _c24 سم. |
||
| 504 | _aببليوجرافية ص 461 - 469 | ||
| 650 | 0 | 7 |
_aمعبد الكرنك _2qrmak |
| 650 | 0 | 7 |
_aمعبد ساتت _2qrmak |
| 650 | 0 | 7 |
_aمعبد بوهن _2qrmak |
| 650 | 0 | 7 |
_aالمعابد المصرية القديمة _2qrmak |
| 650 | 0 | 7 |
_aالمعابد _zمصر _2qrmak |
| 650 | 0 | 7 |
_aمعبد عمدا _2qrmak |
| 650 | 0 | 7 |
_aالمعبد الجنائزى _2qrmak |
| 650 | 0 | 7 |
_aمعبد حتشبسوت _2qrmak |
| 650 | 0 | 7 |
_aمعابد البر الغربى _2qrmak |
| 650 | 0 | 7 |
_aمعبد الاقصر _2qrmak |
| 650 | 0 | 7 |
_aمعبد بتاح _2qrmak |
| 651 | _2qrmak | ||
| 942 |
_2ddc _cBK |
||